[Event "Rated Blitz game"]
[Site "?"]
[Date "2021.11.09"]
[Round "?"]
[White "bwalmer"]
[Black "mirekkk14"]
[Result "1/2-1/2"]
[WhiteElo "2489"]
[BlackElo "2409"]
[PlyCount "115"]
[EventDate "2021.??.??"]
[EventType "blitz"]

1. e4 e5 2. Nf3 d5 3. exd5 e4 4. Qe2 Nf6 5. Nc3 Be7 6. Nxe4 O-O 7. d3 Re8 8.
Be3 Bf5 9. Nc3 Bb4 10. O-O-O Bxc3 11. bxc3 Nxd5 12. c4 Nb4 13. a3 N4c6 14. Qd2
Nd7 15. d4 h6 16. Bd3 Bxd3 17. Qxd3 Qf6 18. Rhe1 a6 19. Kb1 b5 20. c5 a5 21.
Bd2 b4 22. a4 Rab8 23. Rxe8+ Rxe8 24. Re1 Rb8 25. d5 Nce5 26. Nxe5 Nxe5 27. Qd4
Nd7 28. Qxf6 Nxf6 29. d6 cxd6 30. cxd6 Rd8 31. Bf4 Kf8 32. Kb2 Nd5 33. Bg3 f5
34. Be5 Kf7 35. Kb3 g5 36. Kc4 Nb6+ 37. Kb5 Nd7 38. Kxa5 Re8 39. Kxb4 Nxe5 40.
Kc3 Ke6 41. g3 Rc8+ 42. Kd2 Kxd6 43. f4 Nf3+ 44. Ke2 Nxe1 45. Kxe1 Rxc2 46.
fxg5 hxg5 47. Kf1 Rxh2 48. Kg1 Ra2 49. a5 g4 50. Kf1 Kc6 51. Ke1 Kb5 52. Kf1
Kxa5 53. Ke1 Kb4 54. Kf1 Kc4 55. Ke1 Ra3 56. Kd1 Rxg3 57. Kd2 Rf3 58. Ke2 {
Time forfeit} 1/2-1/2

[Event "Rated Blitz game"]
[Site "?"]
[Date "2021.11.09"]
[Round "?"]
[White "YEIKOCASTELLA"]
[Black "King_bg03"]
[Result "0-1"]
[WhiteElo "2573"]
[BlackElo "2647"]
[PlyCount "98"]
[EventDate "2021.??.??"]
[EventType "blitz"]

1. e4 e5 2. Nf3 d5 3. exd5 e4 4. Ne5 Nf6 5. d4 exd3 6. Nxd3 Nxd5 7. Be2 Be7 8.
O-O O-O 9. c4 Nf6 10. b3 Nc6 11. Bb2 Bf5 12. Nf4 Bd6 13. Nd5 Nxd5 14. cxd5 Be5
15. Bxe5 Nxe5 16. Nc3 a6 17. Rc1 Qd6 18. f4 Ng6 19. g3 Rfe8 20. Bf3 Bh3 21. Re1
Qc5+ 22. Kh1 Qf2 23. Ne4 Qxa2 24. Rxc7 f5 25. Ng5 Qa5 26. Rc1 Bg4 27. Bxg4 fxg4
28. Rxe8+ Rxe8 29. Ne6 Ne7 30. Rc5 Qb6 31. Qxg4 g6 32. Qd1 Nxd5 33. Qxd5 Qxe6
34. Qxe6+ Rxe6 35. Rc7 Rb6 36. Rc3 Rb4 37. Kg2 Kg7 38. Kf3 h5 39. g4 hxg4+ 40.
Kxg4 Kh6 41. h4 Rb5 42. Kg3 a5 43. Kg4 Rb4 44. Kg3 b6 45. Kg4 b5 46. Kg3 a4 47.
bxa4 Rxa4 48. Rc7 Ra3+ 49. Kg4 Ra1 {Normal} 0-1

[Event "Rated Blitz game"]
[Site "?"]
[Date "2021.11.09"]
[Round "?"]
[White "judineptune"]
[Black "Beroe1916"]
[Result "1-0"]
[WhiteElo "2518"]
[BlackElo "2394"]
[PlyCount "129"]
[EventDate "2021.??.??"]
[EventType "blitz"]

1. e4 e5 2. Nf3 d5 3. exd5 e4 4. Qe2 Qe7 5. Nd4 Nf6 6. Nc3 Nbd7 7. d3 exd3 8.
Qxe7+ Bxe7 9. Bxd3 Nb6 10. Bb5+ Bd7 11. Bg5 Nfxd5 12. Nxd5 Nxd5 13. Bxd7+ Kxd7
14. Bxe7 Kxe7 15. O-O-O Rhd8 16. Rhe1+ Kf8 17. Nb5 a6 18. Nd4 g6 19. a3 c5 20.
Nb3 b6 21. g3 c4 22. Nd4 c3 23. b3 Rac8 24. Rd3 Nf6 25. f3 Rd7 26. Red1 Kg8 27.
Ne2 Re7 28. Nxc3 Rec7 29. Kb2 Kg7 30. R1d2 b5 31. Nd5 Nxd5 32. Rxd5 Rc6 33. Rd6
h5 34. Rxc6 Rxc6 35. Rd4 Re6 36. Re4 Rd6 37. Kc3 Rc6+ 38. Kd2 f5 39. Re5 Kf6
40. f4 g5 41. Kd3 gxf4 42. gxf4 Rd6+ 43. Ke3 Rc6 44. Kd2 Rd6+ 45. Kc1 Rd4 46.
Rc5 Rxf4 47. Rc6+ Kg5 48. Rxa6 Rf2 49. Rb6 f4 50. Rxb5+ Kg4 51. a4 f3 52. Rb8
Rxh2 53. Rf8 f2 54. Kb2 Kg3 55. a5 Rh1 56. a6 f1=Q 57. Rxf1 Rxf1 58. b4 Rf8 59.
b5 h4 60. b6 h3 61. b7 h2 62. a7 h1=Q 63. b8=Q+ Rxb8+ 64. axb8=Q+ Kf3 65. Qa8+
{Time forfeit} 1-0

[Event "Rated Blitz game"]
[Site "?"]
[Date "2021.11.09"]
[Round "?"]
[White "tzup"]
[Black "Pashkomarku"]
[Result "1-0"]
[WhiteElo "2415"]
[BlackElo "2260"]
[PlyCount "39"]
[EventDate "2021.??.??"]
[EventType "blitz"]

1. e4 e5 2. Nf3 d5 3. Nxe5 Qe7 4. d4 f6 5. Nd3 dxe4 6. Nf4 Bf5 7. Bc4 Nc6 8. c3
O-O-O 9. O-O g5 10. Nd5 Qg7 11. f3 exf3 12. Qxf3 Bxb1 13. Rxb1 Be7 14. b4 Kb8
15. a4 h5 16. a5 a6 17. b5 Nxa5 18. bxa6 Nxc4 19. Rxb7+ Ka8 20. Nxc7# {Normal}
1-0

[Event "Rated Rapid game"]
[Site "?"]
[Date "2021.11.08"]
[Round "?"]
[White "Cutthroat27"]
[Black "erdi"]
[Result "1-0"]
[WhiteElo "2485"]
[BlackElo "2330"]
[PlyCount "45"]
[EventDate "2021.??.??"]
[EventType "rapid"]

1. e4 e5 2. Nf3 d5 3. exd5 e4 4. Qe2 f5 5. d3 Qxd5 6. Nc3 Bb4 7. Bd2 Bxc3 8.
Bxc3 Ne7 9. dxe4 fxe4 10. Ne5 Nbc6 11. Rd1 Qxa2 12. Qxe4 Bf5 13. Qe3 Bxc2 14.
Bc4 Bb3 15. Nxc6 bxc6 16. Bb4 c5 17. Bxb3 Qxb2 18. Bxc5 Qf6 19. O-O Rf8 20.
Rfe1 Rf7 21. Bxf7+ Kxf7 22. Qxe7+ Qxe7 23. Rxe7+ {Normal} 1-0

[Event "Rated Blitz game"]
[Site "?"]
[Date "2021.11.08"]
[Round "?"]
[White "Schaakgek56"]
[Black "larsental3"]
[Result "1-0"]
[WhiteElo "2414"]
[BlackElo "2351"]
[PlyCount "87"]
[EventDate "2021.??.??"]
[EventType "blitz"]

1. e4 e5 2. Nf3 d5 3. exd5 e4 4. Qe2 Nf6 5. d3 Qxd5 6. Nbd2 Bf5 7. dxe4 Bxe4 8.
Nxe4 Qxe4 9. Qxe4+ Nxe4 10. Be3 Bd6 11. Bc4 O-O 12. O-O Nc6 13. c3 Rfe8 14.
Rfd1 Rad8 15. Bb5 Bc5 16. Nd4 Nxd4 17. cxd4 c6 18. dxc5 cxb5 19. Kf1 Kf8 20.
Ke2 f6 21. Rxd8 Rxd8 22. Rd1 Rxd1 23. Kxd1 Ke7 24. f3 Ng5 25. Bxg5 fxg5 26. Kd2
Ke6 27. Kd3 Kd5 28. b4 h5 29. g3 g6 30. a3 a6 31. h3 a5 32. f4 h4 33. fxg5 hxg3
34. Ke3 axb4 35. axb4 Kc4 36. h4 Kxb4 37. h5 Ka3 38. hxg6 b4 39. g7 b3 40. g8=Q
b2 41. Qa8+ Kb3 42. Qxb7+ Kc2 43. Qxb2+ Kxb2 44. c6 {Normal} 1-0

[Event "Rated Blitz game"]
[Site "?"]
[Date "2021.11.08"]
[Round "?"]
[White "kiperman001"]
[Black "jeruchess"]
[Result "1-0"]
[WhiteElo "2451"]
[BlackElo "2392"]
[PlyCount "109"]
[EventDate "2021.??.??"]
[EventType "blitz"]

1. e4 e5 2. Nf3 d5 3. exd5 e4 4. Ne5 Qxd5 5. d4 exd3 6. Nxd3 Nf6 7. Nc3 Qf5 8.
Be2 Be7 9. O-O O-O 10. Re1 Nc6 11. Bf4 Be6 12. Bxc7 Rac8 13. Bg3 Nd4 14. Qd2
Bb4 15. Nxb4 Rfd8 16. Nd3 Bc4 17. Rad1 b5 18. a3 a5 19. Bf1 b4 20. axb4 axb4
21. Ne2 Ne6 22. b3 Bxd3 23. cxd3 Qb5 24. Nf4 Nd4 25. Bh4 Nxb3 26. Qb2 Nd4 27.
Bxf6 gxf6 28. Ne2 Nc2 29. d4 Nxe1 30. Rxe1 b3 31. Rb1 Rb8 32. Nc1 Qd5 33. Nxb3
Rdc8 34. Qe2 Rxb3 35. Rxb3 Qxb3 36. Qg4+ Kf8 37. Qxc8+ Kg7 38. Qg4+ Kf8 39. Qf5
Qd1 40. Qc5+ Kg7 41. d5 f5 42. d6 f4 43. Qe5+ f6 44. Qe7+ Kg6 45. d7 f3 46.
gxf3 Qxf3 47. Qe8+ Kh6 48. Qg8 f5 49. d8=Q Qg4+ 50. Qxg4 fxg4 51. Qg8 Kh5 52.
Be2 Kh6 53. Kg2 g3 54. h4 gxf2 55. Qg5# {Normal} 1-0

[Event "Rated Blitz tournament u8ttcXbR"]
[Site "?"]
[Date "2021.11.08"]
[Round "?"]
[White "chaguito89"]
[Black "Madjrs72"]
[Result "1/2-1/2"]
[WhiteElo "2450"]
[BlackElo "2439"]
[PlyCount "103"]
[EventDate "2021.??.??"]
[EventType "blitz"]

1. e4 e5 2. Nf3 d5 3. Nxe5 Bd6 4. d4 dxe4 5. Nc3 Bxe5 6. dxe5 Qxd1+ 7. Kxd1 Nc6
8. Bb5 Bd7 9. Bf4 O-O-O 10. Bxc6 Bxc6+ 11. Ke2 Ne7 12. Rad1 Ng6 13. Bg3 Rhe8
14. Rxd8+ Kxd8 15. Rd1+ Kc8 16. Rd4 Nxe5 17. h3 f5 18. Bxe5 Rxe5 19. g3 g5 20.
Ke3 Re8 21. Nd5 Bxd5 22. Rxd5 Rf8 23. h4 h6 24. hxg5 hxg5 25. g4 f4+ 26. Kxe4
Re8+ 27. Kf3 Rg8 28. c4 c6 29. Rf5 Kc7 30. Rf7+ Kb6 31. b4 a5 32. c5+ Ka6 33.
a3 axb4 34. axb4 Rb8 35. Rg7 Kb5 36. Rxg5 Kxb4 37. Rf5 b5 38. cxb6 c5 39. Rxf4+
c4 40. g5 Rxb6 41. Kg4 Kb3 42. Kh5 c3 43. Rf3 Rb5 44. Kh6 Kb2 45. Rh3 c2 46.
Rh1 Rf5 47. g6 Rxf2 48. g7 Rg2 49. Kh7 Rxg7+ 50. Kh6 c1=Q+ 51. Rxc1 Kxc1 52.
Kxg7 {Normal} 1/2-1/2

[Event "Rated Blitz game"]
[Site "?"]
[Date "2021.11.08"]
[Round "?"]
[White "suriyeli31"]
[Black "DanielPerchman"]
[Result "0-1"]
[WhiteElo "2499"]
[BlackElo "2507"]
[PlyCount "106"]
[EventDate "2021.??.??"]
[EventType "blitz"]

1. e4 e5 2. Nf3 d5 3. Nxe5 Bd6 4. d4 dxe4 5. Bc4 Bxe5 6. dxe5 Qxd1+ 7. Kxd1 Nc6
8. Bf4 Bg4+ 9. Ke1 O-O-O 10. Nc3 Nge7 11. Nxe4 Ng6 12. Bg5 Rd4 13. Bd3 Ngxe5
14. f3 Bf5 15. Ke2 Nxd3 16. cxd3 f6 17. Be3 Rb4 18. b3 Rd8 19. Rac1 Nd4+ 20.
Kd2 Nxb3+ 21. axb3 Rxb3 22. d4 Kb8 23. Rb1 Ra3 24. Ra1 Rxa1 25. Rxa1 b6 26. Kc3
Re8 27. Kd3 Bg6 28. g4 h5 29. h3 f5 30. gxf5 Bxf5 31. h4 g6 32. Bf4 Kb7 33. Rc1
Re7 34. Re1 Rd7 35. Kc3 a5 36. Nd2 b5 37. Nb3 Kb6 38. Nc5 b4+ 39. Kc4 Rf7 40.
Re8 Bb1 41. Rb8+ Ka7 42. Kb5 Kxb8 43. Be5 Rxf3 44. Kc6 b3 45. Bxc7+ Ka8 46. Na4
Be4+ 47. Kb6 Rf1 48. Ka6 Rf6+ 49. Kxa5 Bc6 50. Nb6+ Kb7 51. Be5 b2 52. Bxf6
b1=Q 53. d5 Qb5# {Normal} 0-1

[Event "Rated Blitz game"]
[Site "?"]
[Date "2021.11.08"]
[Round "?"]
[White "sosforlove"]
[Black "yevkool1983"]
[Result "0-1"]
[WhiteElo "2481"]
[BlackElo "2332"]
[PlyCount "44"]
[EventDate "2021.??.??"]
[EventType "blitz"]

1. e4 e5 2. Nf3 d5 3. exd5 e4 4. Ng1 Qxd5 5. Nc3 Qe5 6. d3 exd3+ 7. Be3 Nc6 8.
Nf3 Qa5 9. Bxd3 Nf6 10. O-O Bg4 11. h3 Bh5 12. Nb5 a6 13. Nbd4 Nxd4 14. Bxd4
O-O-O 15. c3 Bd6 16. a4 c5 17. b4 cxb4 18. cxb4 Bxb4 19. Qc1+ Kb8 20. Ne5 Rxd4
21. Qe3 Rhd8 22. Rac1 Bd2 {Normal} 0-1

[Event "Rated Blitz game"]
[Site "?"]
[Date "2021.11.08"]
[Round "?"]
[White "miksa99"]
[Black "Sdjordje12345_s"]
[Result "0-1"]
[WhiteElo "2473"]
[BlackElo "2442"]
[PlyCount "26"]
[EventDate "2021.??.??"]
[EventType "blitz"]

1. e4 e5 2. Nf3 d5 3. Nxe5 Qe7 4. d4 f6 5. Qh5+ g6 6. Nxg6 Qxe4+ 7. Be2 Qxg6 8.
Qf3 Ne7 9. Bd3 Bf5 10. Bxf5 Qxf5 11. Qe3 Nbc6 12. O-O O-O-O 13. Nc3 Rg8 {Normal
} 0-1

[Event "Rated Blitz tournament u8ttcXbR"]
[Site "?"]
[Date "2021.11.08"]
[Round "?"]
[White "lenta1"]
[Black "Madjrs72"]
[Result "1-0"]
[WhiteElo "2522"]
[BlackElo "2427"]
[PlyCount "55"]
[EventDate "2021.??.??"]
[EventType "blitz"]

1. e4 e5 2. Nf3 d5 3. exd5 e4 4. Qe2 Nf6 5. d3 Qxd5 6. Nc3 Bb4 7. Bd2 Bxc3 8.
Bxc3 O-O 9. dxe4 Nxe4 10. Rd1 Nxc3 11. Rxd5 Nxe2 12. Bxe2 Be6 13. Rc5 c6 14.
O-O Nd7 15. Rc3 Nb6 16. b3 Rfd8 17. Rd3 Bf5 18. Rxd8+ Rxd8 19. c4 h6 20. Re1
Nc8 21. h3 Ne7 22. Bf1 Ng6 23. g3 f6 24. Bg2 Kf7 25. Bf1 Re8 26. Rd1 Ke7 27.
Nd4 Rd8 28. Nxf5+ {Normal} 1-0

[Event "Rated Blitz game"]
[Site "?"]
[Date "2021.11.08"]
[Round "?"]
[White "Mohmmad113"]
[Black "ALJHoNNDzki"]
[Result "1-0"]
[WhiteElo "2291"]
[BlackElo "2406"]
[PlyCount "47"]
[EventDate "2021.??.??"]
[EventType "blitz"]

1. e4 e5 2. Nf3 d5 3. exd5 e4 4. Nd4 Qxd5 5. Nb3 Nc6 6. Nc3 Qe5 7. d3 exd3+ 8.
Be3 f5 9. Qh5+ g6 10. Qg5 dxc2 11. Bb5 Bd6 12. g3 Bb4 13. Bxc6+ bxc6 14. O-O
Bxc3 15. bxc3 Qe7 16. Qf4 Nf6 17. Bd4 O-O 18. Rae1 Qd6 19. Qg5 Ne4 20. Qh6 Rf7
21. f3 c5 22. Nxc5 Nxc5 23. Re8+ Qf8 24. Rxf8+ {Normal} 1-0

[Event "Rated Blitz game"]
[Site "?"]
[Date "2021.11.08"]
[Round "?"]
[White "armoldojunior"]
[Black "jeruchess"]
[Result "1/2-1/2"]
[WhiteElo "2530"]
[BlackElo "2393"]
[PlyCount "108"]
[EventDate "2021.??.??"]
[EventType "blitz"]

1. e4 e5 2. Nf3 d5 3. exd5 e4 4. Qe2 Nf6 5. Nc3 Be7 6. Nxe4 Nxd5 7. d4 O-O 8.
Be3 Re8 9. Nc3 Bb4 10. Qd3 Qe7 11. Be2 Nxe3 12. fxe3 Qxe3 13. Qxe3 Rxe3 14. Kf2
Re8 15. a3 Bxc3 16. bxc3 b6 17. Bc4 h6 18. Rhe1 Rf8 19. Re7 Nd7 20. Rae1 Rb8
21. Ne5 Nxe5 22. R1xe5 Be6 23. Rxc7 Rbc8 24. Rxc8 Rxc8 25. Bxe6 fxe6 26. Re3
Kf7 27. Ke2 Rc4 28. Kd3 Ra4 29. Rf3+ Ke7 30. Rg3 Kf7 31. Rf3+ Ke7 32. Rg3 Kf7
33. Rf3+ Ke7 34. Rg3 Kf7 35. Rf3+ Ke7 36. Re3 Kd6 37. Rg3 g5 38. Rh3 Rxa3 39.
Rxh6 a5 40. h4 gxh4 41. Rxh4 Ra1 42. c4 a4 43. Rh6 a3 44. Kc3 Rg1 45. Kb3 Rxg2
46. d5 Rg3+ 47. Ka2 Re3 48. Rxe6+ Rxe6 49. dxe6 Kxe6 50. Kxa3 Ke5 51. c3 Kd6
52. Kb4 Kc6 53. Ka4 Kc5 54. Kb3 b5 {Normal} 1/2-1/2

[Event "Rated Blitz game"]
[Site "?"]
[Date "2021.11.08"]
[Round "?"]
[White "Valera200707"]
[Black "khalid_ontawar"]
[Result "1-0"]
[WhiteElo "2383"]
[BlackElo "2467"]
[PlyCount "59"]
[EventDate "2021.??.??"]
[EventType "blitz"]

1. e4 e5 2. Nf3 d5 3. exd5 e4 4. Qe2 Nf6 5. d3 Bf5 6. Nc3 Bb4 7. dxe4 Bxc3+ 8.
bxc3 Bxe4 9. Ng5 O-O 10. Nxe4 Nxe4 11. Qd3 Re8 12. Be3 c5 13. g3 b5 14. Bg2 c4
15. Qd4 Nf6 16. O-O Nbd7 17. d6 Rc8 18. Qxa7 Re6 19. Rad1 Qf8 20. Bh3 Rxd6 21.
Bxd7 Ra8 22. Qb7 Rxd7 23. Rxd7 Nxd7 24. Qxd7 Rxa2 25. Qxb5 Rxc2 26. Qxc4 h6 27.
Rd1 Qe8 28. Bb6 Qe2 29. Qc8+ Kh7 30. Qf5+ {Normal} 1-0

[Event "Rated Blitz game"]
[Site "?"]
[Date "2021.11.08"]
[Round "?"]
[White "Shapagat04"]
[Black "DOOGE228"]
[Result "1-0"]
[WhiteElo "2437"]
[BlackElo "2399"]
[PlyCount "47"]
[EventDate "2021.??.??"]
[EventType "blitz"]

1. e4 e5 2. Nf3 d5 3. d4 dxe4 4. Nxe5 Bd6 5. Nc4 Nf6 6. Nc3 O-O 7. Bg5 Be7 8.
Qd2 Nc6 9. O-O-O Bg4 10. Be2 Bxe2 11. Nxe2 Qd5 12. b3 Rad8 13. Kb1 b5 14. Nc3
Qf5 15. g4 Qxg4 16. Rhg1 Qf5 17. Ne3 Qe6 18. d5 Qe5 19. Nxb5 Nxd5 20. Nxd5 Bxg5
21. Rxg5 f5 22. Qc3 Qxc3 23. Nbxc3 Ne5 24. Rxf5 {Normal} 1-0

[Event "Rated Blitz game"]
[Site "?"]
[Date "2021.11.08"]
[Round "?"]
[White "frank_farmer"]
[Black "mirekkk14"]
[Result "0-1"]
[WhiteElo "2405"]
[BlackElo "2389"]
[PlyCount "100"]
[EventDate "2021.??.??"]
[EventType "blitz"]

1. e4 e5 2. Nf3 d5 3. Nxe5 Bd6 4. d4 dxe4 5. Bc4 Bxe5 6. dxe5 Qxd1+ 7. Kxd1 Nc6
8. Re1 Bg4+ 9. Kd2 O-O-O+ 10. Kc3 Bf5 11. Bf4 Nge7 12. Bxf7 Rhf8 13. Bb3 Bg6
14. g3 Na5 15. Nd2 Nxb3 16. axb3 Nd5+ 17. Kc4 Nxf4 18. gxf4 Rxf4 19. Re2 e3+
20. Kc5 exd2 21. Rd1 Bxc2 22. Rdxd2 Rxd2 23. Rxd2 Bxb3 24. Rd3 Be6 25. Rg3 g6
26. f3 Rb4 27. Rg2 a6 28. Rc2 Rb5+ 29. Kd4 Rd5+ 30. Ke3 c6 31. f4 Bf5 32. Rg2
Kd7 33. h4 Ke6 34. h5 b5 35. hxg6 hxg6 36. Rh2 Rd3+ 37. Ke2 c5 38. Rh8 c4 39.
Rb8 Rb3 40. Rb6+ Kd5 41. Rxa6 Rxb2+ 42. Ke3 Rb3+ 43. Kd2 Ke4 44. e6 Kxf4 45. e7
Re3 46. Rb6 Rxe7 47. Rxb5 Bd3 48. Rb6 g5 49. Rf6+ Kg3 50. Kc3 g4 {Time forfeit}
0-1

[Event "Rated Blitz game"]
[Site "?"]
[Date "2021.11.08"]
[Round "?"]
[White "Johnleemaster22"]
[Black "Annali-annaliew1979"]
[Result "0-1"]
[WhiteElo "2497"]
[BlackElo "2447"]
[PlyCount "48"]
[EventDate "2021.??.??"]
[EventType "blitz"]

1. e4 e5 2. Nf3 d5 3. Nxe5 Qe7 4. d4 f6 5. Nd3 Nc6 6. c3 Bf5 7. Be2 Bxe4 8. O-O
Qf7 9. Nd2 Bf5 10. Re1 Nge7 11. Nc5 b6 12. Nd3 g5 13. Bh5 Bg6 14. Bxg6 hxg6 15.
Qg4 Rh4 16. Qg3 O-O-O 17. Nf3 Nf5 18. Nxh4 Nxg3 19. hxg3 gxh4 20. gxh4 Bd6 21.
Bf4 g5 22. Bxd6 Rxd6 23. hxg5 fxg5 24. Re3 g4 {Normal} 0-1

[Event "Rated Blitz game"]
[Site "?"]
[Date "2021.11.08"]
[Round "?"]
[White "oj_ossa"]
[Black "mirekkk14"]
[Result "1/2-1/2"]
[WhiteElo "2488"]
[BlackElo "2400"]
[PlyCount "125"]
[EventDate "2021.??.??"]
[EventType "blitz"]

1. e4 e5 2. Nf3 d5 3. d3 dxe4 4. dxe4 Qxd1+ 5. Kxd1 Nc6 6. c3 Be6 7. Kc2 f6 8.
Bb5 Nge7 9. Be3 a6 10. Ba4 O-O-O 11. Nbd2 g6 12. Bb3 Bxb3+ 13. axb3 h5 14. b4
Kb8 15. Nb3 Nc8 16. Bc5 g5 17. Bxf8 Rhxf8 18. Nc5 Nd6 19. Ne6 Rde8 20. Nxf8
Rxf8 21. Rhe1 h4 22. h3 Nc4 23. Nd2 Nd6 24. b3 Nd8 25. c4 Ne6 26. Nf3 Nf4 27.
g3 hxg3 28. fxg3 Nxh3 29. Rh1 Nf2 30. Rh7 Nfxe4 31. Rg1 Nf5 32. g4 Ne3+ 33. Kd3
Nxg4 34. Kxe4 f5+ 35. Kd5 Nf6+ 36. Kxe5 Nxh7 37. Nxg5 Nxg5 38. Rxg5 f4 39. Rg2
f3 40. Rf2 b5 41. Ke4 Re8+ 42. Kxf3 Rf8+ 43. Ke3 Rxf2 44. Kxf2 c5 45. cxb5 cxb4
46. bxa6 Ka7 47. Ke3 Kxa6 48. Kd4 Ka5 49. Kc5 Ka6 50. Kc6 Ka5 51. Kc5 Ka6 52.
Kxb4 Kb6 53. Kc4 Kc6 54. b4 Kb6 55. b5 Kb7 56. Kd5 Kb6 57. Kc4 Kb7 58. Kb4 Kb6
59. Kc4 Kb7 60. Kb4 Kb6 61. Kc4 Kb7 62. Kb4 Kb6 63. Kc4 {Normal} 1/2-1/2

[Event "Rated Blitz game"]
[Site "?"]
[Date "2021.11.08"]
[Round "?"]
[White "YourDentist93"]
[Black "lavilaine"]
[Result "1/2-1/2"]
[WhiteElo "2474"]
[BlackElo "2434"]
[PlyCount "132"]
[EventDate "2021.??.??"]
[EventType "blitz"]

1. e4 e5 2. Nf3 d5 3. Nxe5 Qe7 4. d4 f6 5. Qh5+ g6 6. Nxg6 Qxe4+ 7. Be3 Qxg6 8.
Qxd5 Ne7 9. Qb5+ Nbc6 10. Nc3 Be6 11. Bd3 Qf7 12. Qxb7 Rb8 13. Qxc7 Bg7 14. d5
Bxd5 15. Nxd5 Qxd5 16. O-O O-O 17. b3 Kh8 18. Rfe1 Rbc8 19. Qb7 Rb8 20. Qc7
Rfc8 21. Qg3 Ne5 22. Bf4 N7g6 23. Bxg6 hxg6 24. Bxe5 fxe5 25. Qxg6 Rb6 26. Qg4
Rxc2 27. Re3 Rh6 28. Rh3 Qd2 29. Rf1 Rc1 30. Rxh6+ Qxh6 31. g3 Rxf1+ 32. Kxf1
Qc1+ 33. Kg2 Qc6+ 34. Qf3 Qxf3+ 35. Kxf3 Kg8 36. Ke4 Kf7 37. f4 exf4 38. gxf4
Ke6 39. a4 Bh6 40. b4 Bf8 41. b5 Bb4 42. Kd4 Kf5 43. Kc4 Ba5 44. Kd5 Kxf4 45.
Kc6 Ke5 46. Kb7 Bb6 47. a5 Bxa5 48. Kxa7 Kd6 49. h4 Kc7 50. Ka6 Bb6 51. h5 Be3
52. h6 Bxh6 53. b6+ Kb8 54. b7 Bf4 55. Kb5 Bc7 56. Kc4 Bd6 57. Kd3 Bc7 58. Ke4
Bb6 59. Kd5 Ba5 60. Kc6 Bb4 61. Kb5 Ba3 62. Kc6 Bb2 63. Kd7 Bc1 64. Kc6 Bb2 65.
Kd7 Ba1 66. Kc6 Bb2 {Normal} 1/2-1/2

[Event "Rated Blitz tournament SpyNzN7o"]
[Site "?"]
[Date "2021.11.08"]
[Round "?"]
[White "Jorsip"]
[Black "maialaatorranta"]
[Result "0-1"]
[WhiteElo "2417"]
[BlackElo "2264"]
[PlyCount "80"]
[EventDate "2021.??.??"]
[EventType "blitz"]

1. e4 e5 2. Nf3 d5 3. Nxe5 Bd6 4. Nxf7 Kxf7 5. exd5 Nf6 6. c4 Re8+ 7. Be2 Qe7
8. Nc3 Bb4 9. d3 Bg4 10. f3 Bf5 11. Kf1 Bxc3 12. bxc3 Nbd7 13. Bf4 Nc5 14. d4
Na4 15. Rc1 Kg8 16. Kf2 Nb6 17. Re1 Qf7 18. Kg1 Rad8 19. Qd2 c6 20. d6 Nbd7 21.
c5 Be6 22. Rb1 b5 23. cxb6 axb6 24. a4 Bf5 25. Rb2 c5 26. dxc5 Nxc5 27. Rxb6
Bd3 28. Bd1 Rxe1+ 29. Qxe1 Nd5 30. Bg5 Re8 31. Qf2 Nxb6 32. Qxc5 Nd7 33. Qf2
Qf5 34. Bd2 Qc5 35. Bb3+ Kf8 36. a5 Qxf2+ 37. Kxf2 Re2+ 38. Kg3 Rxd2 39. Be6
Nc5 40. Bd5 Ba6 {Normal} 0-1

[Event "Rated Blitz game"]
[Site "?"]
[Date "2021.11.08"]
[Round "?"]
[White "JeremyPietra"]
[Black "Sdjordje12345_s"]
[Result "1-0"]
[WhiteElo "2390"]
[BlackElo "2439"]
[PlyCount "35"]
[EventDate "2021.??.??"]
[EventType "blitz"]

1. e4 e5 2. Nf3 d5 3. exd5 e4 4. Ne5 Qe7 5. Nc4 f5 6. g3 Nf6 7. Bg2 Nbd7 8. O-O
h5 9. d3 h4 10. dxe4 hxg3 11. hxg3 g6 12. exf5 Qh7 13. Re1+ Kd8 14. fxg6 Qh2+
15. Kf1 Bc5 16. Bg5 b5 17. Ne5 b4 18. Nc6# {Normal} 1-0

[Event "Rated Blitz game"]
[Site "?"]
[Date "2021.11.08"]
[Round "?"]
[White "CTHvohuynhthien2003"]
[Black "oJHoNN76"]
[Result "1/2-1/2"]
[WhiteElo "2314"]
[BlackElo "2451"]
[PlyCount "46"]
[EventDate "2021.??.??"]
[EventType "blitz"]

1. e4 e5 2. Nf3 d5 3. Nxe5 dxe4 4. Bc4 Qg5 5. Nxf7 Qxg2 6. Rf1 Bg4 7. Qxg4 Qxg4
8. Nxh8 Nh6 9. Nc3 Nc6 10. d3 exd3 11. cxd3 Ne5 12. Bxh6 Nf3+ 13. Kd1 Nxh2+ 14.
f3 Qg2 15. Re1+ Kd7 16. Be6+ Kc6 17. Bd5+ Kd7 18. Be6+ Kc6 19. Bd5+ Kd7 20.
Be6+ Kc6 21. Bd5+ Kd7 22. Be6+ Kc6 23. Bd5+ Kd7 {Normal} 1/2-1/2

[Event "Rated Blitz game"]
[Site "?"]
[Date "2021.11.08"]
[Round "?"]
[White "Raswi"]
[Black "Bergerac1985"]
[Result "0-1"]
[WhiteElo "2409"]
[BlackElo "2271"]
[PlyCount "42"]
[EventDate "2021.??.??"]
[EventType "blitz"]

1. e4 e5 2. Nf3 d5 3. exd5 e4 4. Qe2 Nf6 5. Nc3 Be7 6. Nxe4 O-O 7. d3 Qxd5 8.
Bd2 Nc6 9. Bc3 Bf5 10. Nfd2 Rfe8 11. g3 Nd4 12. Bxd4 Qxd4 13. O-O-O Ba3 14. c3
Qa4 15. bxa3 Qxa3+ 16. Kb1 Nd5 17. Qf3 Bxe4 18. Nxe4 Rxe4 19. dxe4 Nxc3+ 20.
Kc2 Qxa2+ 21. Kd3 Nxd1 {Time forfeit} 0-1

[Event "Rated Blitz game"]
[Site "?"]
[Date "2021.11.08"]
[Round "?"]
[White "Karenius"]
[Black "VVV-31"]
[Result "0-1"]
[WhiteElo "2337"]
[BlackElo "2411"]
[PlyCount "104"]
[EventDate "2021.??.??"]
[EventType "blitz"]

1. e4 e5 2. Nf3 d5 3. d4 dxe4 4. Nxe5 Bd6 5. Bf4 Nf6 6. Be2 O-O 7. O-O c5 8.
dxc5 Bxc5 9. Nc3 Bf5 10. Bc4 Nbd7 11. Nxd7 Qxd7 12. Nd5 Nxd5 13. Qxd5 Qxd5 14.
Bxd5 Rad8 15. Rfd1 b6 16. c4 h6 17. h4 Rfe8 18. Re1 Bd4 19. Re2 b5 20. Rd1 Bb6
21. cxb5 Bg4 22. Red2 Bxd1 23. Rxd1 Re7 24. Bb3 Rxd1+ 25. Bxd1 e3 26. fxe3
Bxe3+ 27. Bxe3 Rxe3 28. Kf1 Re4 29. g3 Rb4 30. b3 Rxb5 31. Be2 Rc5 32. a4 Kf8
33. Bc4 Ke7 34. Ke2 Re5+ 35. Kf3 f6 36. g4 Kd6 37. h5 Kc5 38. Kf4 Kd4 39. Bg8
a5 40. Bf7 Re7 41. Bg8 Re5 42. Bf7 Kc5 43. Bg8 Kd6 44. Bf7 Ke7 45. Bg8 Re1 46.
Bd5 Rf1+ 47. Ke4 Kd6 48. Bf7 Kc5 49. Be6 Kb4 50. Bf7 Kc3 51. Be6 Re1+ 52. Kf5
Re5+ {Normal} 0-1

[Event "Rated Blitz game"]
[Site "?"]
[Date "2021.11.08"]
[Round "?"]
[White "ange_de_la_mort"]
[Black "Gillamenace"]
[Result "1-0"]
[WhiteElo "2510"]
[BlackElo "2392"]
[PlyCount "43"]
[EventDate "2021.??.??"]
[EventType "blitz"]

1. e4 e5 2. Nf3 d5 3. Nxe5 Bd6 4. d4 Qe7 5. exd5 Nf6 6. Be2 O-O 7. c4 c5 8.
dxc6 Bxe5 9. dxe5 Qxe5 10. cxb7 Bxb7 11. O-O Nbd7 12. Bf3 Rab8 13. Bxb7 Rxb7
14. Re1 Qc7 15. b3 a5 16. Nc3 Rd8 17. Bg5 h6 18. Bxf6 Nxf6 19. Qf3 Rd2 20. Rad1
Rxd1 21. Rxd1 Qe5 22. g3 {Normal} 1-0

[Event "Rated Blitz game"]
[Site "?"]
[Date "2021.11.08"]
[Round "?"]
[White "Tim1991"]
[Black "Annali-annaliew1979"]
[Result "1-0"]
[WhiteElo "2552"]
[BlackElo "2512"]
[PlyCount "73"]
[EventDate "2021.??.??"]
[EventType "blitz"]

1. e4 e5 2. Nf3 d5 3. exd5 e4 4. Qe2 f5 5. d3 Nf6 6. Nbd2 Be7 7. dxe4 Nxe4 8.
Nxe4 fxe4 9. Qxe4 O-O 10. Be3 Bd6 11. Bd3 Bf5 12. Qc4 Bxd3 13. Qxd3 Nd7 14.
O-O-O Qe8 15. Ng5 Nf6 16. Ne6 Rf7 17. Rhe1 Re7 18. Bg5 Qf7 19. g3 Rae8 20. Bxf6
Qxf6 21. f4 b6 22. Ng5 Qg6 23. Qxg6 hxg6 24. Rxe7 Rxe7 25. Kd2 Bb4+ 26. c3 Bc5
27. Re1 Rxe1 28. Kxe1 Kf8 29. Ne6+ Ke7 30. Nxc5 bxc5 31. c4 Kf6 32. Ke2 g5 33.
Kf3 gxf4 34. Kxf4 g5+ 35. Kg4 Ke5 36. Kxg5 Kd4 37. b3 {Normal} 1-0